01403nab a22002417a 4500003000400000005001700004008004100021040000700062100002900069245013100098260007200229300001400301500003900315505034500354505012500699505008900824650002000913650001200933650003000945650002100975650002800996773013701024OSt20260118213306.0190605e xxu||||| |||| 00| 0 spa d cPJ aRodríguez, Sergio Omar10aReparación del daño por clandestinidad laboral tras la ley 27.742. Análisis del fallo Vasold /cSergio Omar Rodríguez. aCiudad Autónoma de Buenos Aires :bThomson Reuters La Ley,c2025. ap. 97-107 aCita: TR LALEY AR/DOC/2679/2025.  aSumario: I. Introducción.— II. Antecedentes del caso.— III. Marco normativo y debate constitucional.— IV. La reparación integral en el derecho del trabajo.— V. Extensión de responsabilidad a los socios y desestimación de la personalidad jurídica.— VI. Valoración crítica del precedente.— VII. A modo de colofón.  aFallo comentado: JNTrab. Nro. 77 ~ 08/09/2025 ~ Vasold, Vanesa Soledad c. MPV Construcciones S.R.L. y otros s/ despido. t¿Te interesa el texto completo? Solicitalo al correo: koha@justierradelfuego.gov.ar 0aDERECHO LABORAL 0aDESPIDO 0aINDEMNIZACION POR DESPIDO 0aDAÑO MATERIAL  0aDAÑO EXTRAPATRIMONIAL0 02711dCiudad Autónoma de Buenos Aires : Thomson Reuters La Ley, 1999-2002.tRevista de derecho del trabajo. Nº 6 - Noviembre 2025